000 00311nam a2200121Ia 4500
008 191201s2007 xx 000 0 und d
100 _aHODA, M.N.Ed.
245 0 _aProceedings of the National Conference on Computing
260 _bIndiacom 2007
_c2007
300 _a688
650 _aB.Tech(TE)
942 _2ddc
_cBK
999 _c3459
_d3459